Champions du Monde StarCraft 2 - Statistiques

Statistiques générales
  • Ce quiz a été pris 9 fois
  • Le résultat moyen est 7 sur 13
Statistiques - réponses
Réponse % Correct
2025 Riyad Serral
100%
2024 Riyad Clem
88%
2022 Katowice Serral
75%
2021 Katowice Reynor
63%
2018 Anaheim Serral
63%
2013 Anaheim sOs
50%
2016 Anaheim ByuN
38%
2014 Anaheim Life
38%
2023 Katowice Oliveira
38%
2019 Anaheim Dark
25%
2012 Shanghai PartinG
25%
2017 Anaheim Rogue
25%
2015 Anaheim sOs
25%
Aucun quiz correspondant
Distribution des résultats
% des personnes avec chaque résultat
Percentile par nombre de réponses
Votre historique - résultats
Vous n’avez pas pris ce quiz